[Event "Villandry"]
[Site "Villandry"]
[Date "2007.05.01"]
[Round "2.1"]
[White "Fressinet, Laurent"]
[Black "Kosteniuk, Alexandra"]
[Result "0-1"]
[WhiteElo "2650"]
[BlackElo "2525"]
[PlyCount "474"]
[EventDate "2007.05.01"]
[EventType "k.o. (rapid)"]
[EventRounds "2"]
[EventCountry "FRA"]
[SourceTitle "EXT 2010"]
[Source "ChessBase"]
[SourceDate "2010.11.25"]
[SourceVersion "1"]
[SourceVersionDate "2010.11.25"]
[SourceQuality "1"]

1. e4 c5 2. Nf3 d6 3. Bb5+ Nc6 4. O-O Bd7 5. Re1 Nf6 6. c3 a6 7. Ba4 b5 8. Bc2
e5 9. h3 Be7 10. d4 O-O 11. d5 Na5 12. Nbd2 g6 13. b4 Nb7 14. a4 Qc7 15. Nf1
Nh5 16. Bh6 Ng7 17. Ng3 f6 18. Qd2 Rfc8 19. Ra2 a5 20. Rea1 axb4 21. cxb4 bxa4
22. Bxa4 Bxa4 23. Rxa4 Rxa4 24. Rxa4 cxb4 25. Rxb4 Nc5 26. Be3 Qd7 27. Rc4 Rb8
28. Bxc5 dxc5 29. Nf1 Ne8 30. Qc2 Qb5 31. N3d2 Qb2 32. Qa4 Kf7 33. Rc2 Qb4 34.
Qd7 Nd6 35. Ne3 Kf8 36. Kh2 Rd8 37. Qg4 Qd4 38. Nec4 f5 39. Qe2 Nxe4 40. Nxe4
Qxe4 41. Qxe4 fxe4 42. Rd2 Bg5 43. Rd1 Rb8 44. Kg1 Rb4 45. Nxe5 c4 46. Nc6 Rb2
47. Nd4 c3 48. Re1 c2 49. Nxc2 Rxc2 50. Rxe4 Rd2 51. g3 Be7 52. Rf4+ Kg7 53.
Kg2 Bc5 54. h4 Rxd5 55. Rc4 Kf6 56. Rc2 Kf5 57. Ra2 Bb4 58. Rb2 Bc3 59. Rc2 Rd3
60. Kf1 Bd4 61. Kg2 Rb3 62. Rc7 h6 63. Rf7+ Ke6 64. Rf4 Bb6 65. Rf8 Rb2 66. Rf3
g5 67. hxg5 hxg5 68. Rf8 Bc5 69. Rf3 Ra2 70. Kg1 Ra7 71. Kg2 Ke5 72. Kh3 Ra4
73. Kg2 Ra2 74. Rf7 Ke4 75. Rf3 Bd4 76. Rf8 Kd3 77. Rf5 Ke4 78. Rxg5 Rxf2+ 79.
Kh3 Rf8 80. Rg4+ Ke3 81. Rf4 Rg8 82. Rg4 Bg7 83. Kg2 Kd3 84. Rg6 Ke4 85. Rg5
Kd4 86. Kg1 Kd3 87. Kg2 Ke4 88. Rg4+ Kf5 89. Rf4+ Kg5 90. Kf3 Ra8 91. Rg4+ Kf6
92. Rf4+ Ke6 93. Kg2 Be5 94. Rf3 Rh8 95. Kg1 Kd5 96. Kg2 Ke4 97. Rb3 Rc8 98.
Kh3 Rc2 99. Kg4 Rg2 100. Ra3 Rg1 101. Rb3 Bd6 102. Rc3 Kd4 103. Rb3 Bc5 104.
Rf3 Bb4 105. Rf4+ Kc3 106. Rf3+ Kd2 107. Kf5 Ke2 108. Rb3 Bd2 109. Ke4 Ra1 110.
Kf5 Be3 111. Kg4 Ra4+ 112. Kh3 Ra7 113. Rb5 Rf7 114. Kg4 Rg7+ 115. Kh3 Bf2 116.
Rb3 Kf1 117. Rb1+ Be1 118. Rb3 Rh7+ 119. Kg4 Kg2 120. Kf4 Rf7+ 121. Ke4 Bxg3
122. Rb2+ Kh3 123. Rb3 Kg4 124. Kd5 Bf4 125. Ke6 Rf8 126. Rb1 Re8+ 127. Kd7 Re5
128. Rd1 Kf5 129. Kc6 Re2 130. Rd8 Rc2+ 131. Kb5 Ke6 132. Rd4 Bd6 133. Rc4 Rb2+
134. Kc6 Rb8 135. Rh4 Rc8+ 136. Kb7 Rc1 137. Kb6 Bf8 138. Kb5 Rc5+ 139. Kb6 Rc1
140. Kb5 Bd6 141. Rc4 Ra1 142. Kc6 Be5 143. Rc2 Ra8 144. Rc4 Rd8 145. Rc5 Bd4
146. Rc4 Rd6+ 147. Kc7 Rd7+ 148. Kc6 Be5 149. Rc5 Rd6+ 150. Kb5 Rd8 151. Kc6
Bd4 152. Rc4 Ke5 153. Kc7 Rh8 154. Kc6 Rh6+ 155. Kb7 Kd5 156. Rc7 Rb6+ 157. Kc8
Be5 158. Rb7 Rh6 159. Kd7 Bd6 160. Rb5+ Bc5 161. Rb7 Re6 162. Rc7 Bb6 163. Rb7
Rh6 164. Kc8 Ba5 165. Kd7 Kc5 166. Kc8 Rd6 167. Rd7 Rg6 168. Rb7 Bd2 169. Kd7
Bf4 170. Kc8 Kd5 171. Kd7 Rg7+ 172. Kc8 Rg1 173. Kd7 Bd6 174. Rb5+ Bc5 175. Rb7
Rd1 176. Kc8 Ke6 177. Kc7 Rc1 178. Kc6 Bd6+ 179. Kb5 Kd5 180. Rb6 Bc5 181. Rb7
Kd6 182. Ka6 Ra1+ 183. Kb5 Kd5 184. Rd7+ Bd6 185. Rb7 Rh1 186. Rb6 Bc7 187. Rb7
Rc1 188. Ka6 Kd6 189. Kb5 Rb1+ 190. Ka6 Ra1+ 191. Kb5 Bb8 192. Kb6 Bc7+ 193.
Kb5 Ra5+ 194. Kb4 Rh5 195. Kc4 Kc6 196. Rb3 Rh4+ 197. Kd3 Ba5 198. Rb8 Kc5 199.
Rg8 Rd4+ 200. Ke3 Bd2+ 201. Kf3 Rd7 202. Rg4 Kd5 203. Ke2 Ke5 204. Kf3 Bh6 205.
Ra4 Rd5 206. Rh4 Bg5 207. Ra4 Rd3+ 208. Ke2 Re3+ 209. Kf2 Rb3 210. Ke2 Be3 211.
Ra8 Bd4 212. Re8+ Kf4 213. Kd2 Be5 214. Kc2 Rc3+ 215. Kd2 Rc7 216. Kd3 Rd7+
217. Kc4 Ke4 218. Kb5 Kd5 219. Rc8 Rb7+ 220. Ka6 Rb1 221. Rc2 Bd6 222. Rc8 Bc5
223. Rd8+ Kc4 224. Rc8 Rb2 225. Rc6 Kd5 226. Rc8 Rb6+ 227. Ka7 Kd6 228. Rb8
Rb1+ 229. Ka8 Ra1+ 230. Kb7 Ra7+ 231. Kc8 Rh7 232. Rb1 Kc6 {[%csl Rc8]} 233.
Rd1 Be3 $2 (233... Ra7 234. Rb1 Ba3 {[%csl Ga3,Rc1]} 235. Rb3 Bd6 {[%csl Rc8]
[%cal Ga7a8]} 236. Rc3+ Bc5 237. Rb3 Rc7+ 238. Kb8 Rg7 239. Ka8 {[%cal Gb3b8]}
Rg4 {[%cal Gg4a4]} 240. Rb2 Ra4+ 241. Kb8 Bd6+ 242. Kc8 Ra8+) 234. Kd8 Bc5 235.
Kc8 Ra7 236. Kb8 Ra2 237. Rc1 Rh2 0-1

[Event "EU-chT (Women) 16th"]
[Site "Heraklion"]
[Date "2007.10.28"]
[Round "1"]
[White "Kosteniuk, Alexandra"]
[Black "Klinova, Masha"]
[Result "1-0"]
[WhiteElo "2515"]
[BlackElo "2326"]
[PlyCount "51"]
[EventDate "2007.10.28"]
[EventType "team-tourn"]
[EventRounds "9"]
[EventCountry "GRE"]
[SourceTitle "EXT 2008"]
[Source "ChessBase"]
[SourceDate "2007.11.25"]
[SourceVersion "1"]
[SourceVersionDate "2007.11.25"]
[SourceQuality "1"]
[WhiteTeam "Russia (W)"]
[BlackTeam "Israel (W)"]
[WhiteTeamCountry "RUS"]
[BlackTeamCountry "ISR"]

1. e4 e5 2. Nf3 Nc6 3. Bb5 a6 4. Ba4 Nf6 5. d3 b5 6. Bb3 Be7 7. O-O O-O 8. Re1
d6 9. a4 Rb8 10. c3 h6 11. d4 Re8 12. axb5 Rxb5 13. d5 Na5 14. Ba4 Nb7 15. c4
Rb6 16. Bxe8 Qxe8 17. Nc3 Nc5 18. Be3 Rxb2 19. Bxc5 dxc5 20. Nxe5 Rb4 21. Nc6
Rxc4 22. Qd3 Rb4 23. e5 Nh7 24. Nxb4 cxb4 25. Ne4 Bf8 26. d6 1-0

[Event "EU-chT (Women) 16th"]
[Site "Heraklion"]
[Date "2007.10.29"]
[Round "2"]
[White "Danielian, Elina"]
[Black "Kosteniuk, Alexandra"]
[Result "0-1"]
[WhiteElo "2458"]
[BlackElo "2515"]
[PlyCount "60"]
[EventDate "2007.10.28"]
[EventType "team-tourn"]
[EventRounds "9"]
[EventCountry "GRE"]
[SourceTitle "EXT 2008"]
[Source "ChessBase"]
[SourceDate "2007.11.25"]
[SourceVersion "1"]
[SourceVersionDate "2007.11.25"]
[SourceQuality "1"]
[WhiteTeam "Armenia (W)"]
[BlackTeam "Russia (W)"]
[WhiteTeamCountry "ARM"]
[BlackTeamCountry "RUS"]

1. d4 Nf6 2. Nf3 e6 3. e3 b6 4. Bd3 Bb7 5. O-O d5 6. c4 Bd6 7. Nc3 O-O 8. b3 c5
9. dxc5 bxc5 10. Bb2 Nc6 11. Rc1 d4 12. Nb5 e5 13. exd4 exd4 14. Nxd6 Qxd6 15.
a3 a5 16. Re1 Rfe8 17. Qd2 h6 18. Rxe8+ Rxe8 19. Re1 Re6 20. Bc1 Qc7 21. Qf4
Rxe1+ 22. Nxe1 Ne5 23. Bc2 Qe7 24. Qd2 a4 25. f3 axb3 26. Bxb3 Ba6 27. Qe2
Nxf3+ 28. Qxf3 Qxe1+ 29. Qf1 Qc3 30. Ba2 Qc2 0-1

[Event "EU-chT (Women) 16th"]
[Site "Heraklion"]
[Date "2007.11.01"]
[Round "5"]
[White "Socko, Monika"]
[Black "Kosteniuk, Alexandra"]
[Result "1/2-1/2"]
[WhiteElo "2473"]
[BlackElo "2515"]
[PlyCount "109"]
[EventDate "2007.10.28"]
[EventType "team-tourn"]
[EventRounds "9"]
[EventCountry "GRE"]
[SourceTitle "EXT 2008"]
[Source "ChessBase"]
[SourceDate "2007.11.25"]
[SourceVersion "1"]
[SourceVersionDate "2007.11.25"]
[SourceQuality "1"]
[WhiteTeam "Poland (W)"]
[BlackTeam "Russia (W)"]
[WhiteTeamCountry "POL"]
[BlackTeamCountry "RUS"]

1. e4 e5 2. Nf3 Nc6 3. Bb5 a6 4. Bxc6 dxc6 5. O-O Qd6 6. Na3 Be6 7. Qe2 f6 8.
Rd1 Bg4 9. c3 Qe6 10. Nc2 Ne7 11. Ne3 Bh5 12. d4 O-O-O 13. Nf1 exd4 14. Rxd4
Re8 15. Ng5 Bxe2 16. Nxe6 c5 17. Rd2 Bxf1 18. Kxf1 Nc6 19. Nxf8 Rhxf8 20. Re2
Ne5 21. b3 Rf7 22. Be3 b6 23. Rd1 Rfe7 24. f3 Nf7 25. Kf2 Kb7 26. Bf4 g5 27.
Bc1 c4 28. bxc4 c5 29. f4 Kc6 30. Rde1 Nd6 31. fxg5 fxg5 32. Bxg5 Rxe4 33. g4
Rf8+ 34. Kg3 Rxc4 35. Be7 Rg8 36. Re6 Rxc3+ 37. Kh4 Rd3 38. Rh6 Rg6 39. Rxg6
hxg6 40. Kg5 Rd4 41. h4 Kd5 42. h5 gxh5 43. gxh5 Rd2 44. Rh1 Ne4+ 45. Kf4 Rf2+
46. Ke3 Rf7 47. Bd8 Ng3 48. Rh3 Nf5+ 49. Kf4 Nd4+ 50. Kg5 Ne6+ 51. Kg6 Rf8 52.
Bf6 Nf4+ 53. Kg7 Ne6+ 54. Kg6 Nf4+ 55. Kg7 1/2-1/2

[Event "EU-chT (Women) 16th"]
[Site "Heraklion"]
[Date "2007.11.03"]
[Round "6"]
[White "Muzychuk, Anna"]
[Black "Kosteniuk, Alexandra"]
[Result "1/2-1/2"]
[WhiteElo "2469"]
[BlackElo "2515"]
[PlyCount "194"]
[EventDate "2007.10.28"]
[EventType "team-tourn"]
[EventRounds "9"]
[EventCountry "GRE"]
[SourceTitle "EXT 2008"]
[Source "ChessBase"]
[SourceDate "2007.11.25"]
[SourceVersion "1"]
[SourceVersionDate "2007.11.25"]
[SourceQuality "1"]
[WhiteTeam "Slovenia (W)"]
[BlackTeam "Russia (W)"]
[WhiteTeamCountry "SLO"]
[BlackTeamCountry "RUS"]

1. e4 e5 2. Nf3 Nc6 3. Bc4 Bc5 4. b4 Bxb4 5. c3 Ba5 6. d4 exd4 7. O-O Nge7 8.
cxd4 d5 9. exd5 Nxd5 10. Ba3 Be6 11. Nbd2 Bb4 12. Bxb4 Ncxb4 13. Qa4+ Nc6 14.
Bb5 Nde7 15. Rab1 O-O 16. Bxc6 bxc6 17. Rb7 a5 18. Rc1 Ra6 19. Qc2 Bd5 20. Qc5
Ng6 21. Ra7 Rxa7 22. Qxa7 Nf4 23. Re1 Qd7 24. Qxa5 Qg4 25. g3 Nh3+ 26. Kg2 f5
27. Re5 f4 28. Qc3 Ng5 29. Rxd5 cxd5 30. Nxg5 Qxg5 31. Nf3 Qg6 32. Ne5 f3+ 33.
Nxf3 Qe4 34. h3 h5 35. Qb3 Kh8 36. Qe3 Qxe3 37. fxe3 Ra8 38. Ng5 Ra3 39. Kf3
Rxa2 40. Ne6 c6 41. Nf4 Ra3 42. Ke2 Kh7 43. Nxh5 Kg6 44. Nf4+ Kf5 45. Nd3 Ra2+
46. Kf3 Rc2 47. Nf2 Rc3 48. Ke2 c5 49. dxc5 Rxc5 50. Nd3 Rc2+ 51. Kf3 Rc3 52.
Ke2 Ra3 53. g4+ Ke4 54. Nf2+ Ke5 55. Nd3+ Kd6 56. h4 d4 57. exd4 Kd5 58. Nf4+
Ke4 59. Ne6 Ra2+ 60. Ke1 Ra7 61. Kf2 Re7 62. d5 Kxd5 63. Ng5 Ra7 64. Kg3 Ra3+
65. Kf4 Ra4+ 66. Kg3 Ra3+ 67. Kf4 Kd6 68. Nf3 Ke6 69. Kg3 Kf6 70. Kf4 g6 71.
Kg3 Ke6 72. Kf4 Ra4+ 73. Kg3 Kf6 74. Kh3 Ke6 75. Kg3 Kd5 76. h5 gxh5 77. gxh5
Ke6 78. h6 Kf5 79. h7 Ra8 80. Nd4+ Ke5 81. Nf3+ Kf6 82. Kf4 Kg6 83. Ke4 Kxh7
84. Ne5 Kg7 85. Nf3 Kf6 86. Nd4 Rd8 87. Nc6 Re8+ 88. Kd5 Re1 89. Nd4 Re5+ 90.
Kc4 Rh5 91. Kd3 Ke5 92. Nf3+ Kd5 93. Ke3 Rf5 94. Nd2 Re5+ 95. Kd3 Re8 96. Nf3
Re4 97. Nd2 Rd4+ 1/2-1/2

[Event "EU-chT (Women) 16th"]
[Site "Heraklion"]
[Date "2007.11.05"]
[Round "8"]
[White "Kosteniuk, Alexandra"]
[Black "Peng, Zhaoqin"]
[Result "1-0"]
[WhiteElo "2515"]
[BlackElo "2419"]
[PlyCount "115"]
[EventDate "2007.10.28"]
[EventType "team-tourn"]
[EventRounds "9"]
[EventCountry "GRE"]
[SourceTitle "EXT 2008"]
[Source "ChessBase"]
[SourceDate "2007.11.25"]
[SourceVersion "1"]
[SourceVersionDate "2007.11.25"]
[SourceQuality "1"]
[WhiteTeam "Russia (W)"]
[BlackTeam "Netherlands (W)"]
[WhiteTeamCountry "RUS"]
[BlackTeamCountry "NED"]

1. e4 e6 2. d4 d5 3. Nc3 Nf6 4. Bg5 dxe4 5. Nxe4 Nbd7 6. Nxf6+ Nxf6 7. Bd3 h6
8. Bh4 Bd7 9. Nf3 c5 10. dxc5 Qa5+ 11. c3 Qxc5 12. Qe2 Bd6 13. Bg3 Bxg3 14.
hxg3 Bc6 15. Rh4 a6 16. O-O-O b5 17. Kb1 Rd8 18. Ne5 Ke7 19. f4 Rd6 20. f5 Rhd8
21. Rd4 Be8 22. Nf3 Bc6 23. Ne5 Be8 24. fxe6 fxe6 25. Rxd6 Rxd6 26. Re1 Bc6 27.
Nf3 Bd5 28. Nd4 Kd8 29. g4 Kc8 30. Qe5 Rd7 31. g5 hxg5 32. Nxe6 Qd6 33. Nd4
Qxe5 34. Rxe5 Kc7 35. Rxg5 Kb6 36. Kc2 b4 37. a4 bxa3 38. bxa3 Rc7 39. g3 Ne4
40. Rg6+ Ka7 41. Rxa6+ Kb7 42. Nb5 Rc5 43. Nd6+ Nxd6 44. Rxd6 Bc6 45. Rg6 Ba4+
46. Kd2 Rc7 47. c4 Re7 48. Kc3 Be8 49. Rg5 Kc6 50. a4 Kd6 51. a5 Bc6 52. Rg6+
Kc5 53. Rg5+ Kd6 54. Kd4 Rd7 55. Rg6+ Kc7+ 56. Kc5 Bf3 57. Bf5 Re7 58. Re6 1-0

[Event "EU-chT (Women) 16th"]
[Site "Heraklion"]
[Date "2007.11.06"]
[Round "9"]
[White "Lagno, Kateryna"]
[Black "Kosteniuk, Alexandra"]
[Result "1-0"]
[WhiteElo "2459"]
[BlackElo "2515"]
[PlyCount "67"]
[EventDate "2007.10.28"]
[EventType "team-tourn"]
[EventRounds "9"]
[EventCountry "GRE"]
[SourceTitle "EXT 2008"]
[Source "ChessBase"]
[SourceDate "2007.11.25"]
[SourceVersion "1"]
[SourceVersionDate "2007.11.25"]
[SourceQuality "1"]
[WhiteTeam "Ukraine (W)"]
[BlackTeam "Russia (W)"]
[WhiteTeamCountry "UKR"]
[BlackTeamCountry "RUS"]

1. e4 e5 2. Nf3 Nc6 3. Bb5 a6 4. Ba4 Nf6 5. O-O Be7 6. Re1 b5 7. Bb3 O-O 8. c3
d5 9. d4 Nxe4 10. dxe5 Be6 11. Nd4 Nxd4 12. cxd4 Bb4 13. f3 Ng5 14. h4 Nh3+ 15.
gxh3 Qxh4 16. Re2 f6 17. Bd2 Qxd4+ 18. Be3 Qxe5 19. Nc3 Rad8 20. Qd4 Qg3+ 21.
Rg2 Qd6 22. Rd1 c5 23. Qh4 Bxc3 24. bxc3 Rd7 25. Bc2 f5 26. Bf4 Qc6 27. Be5
Rff7 28. Qh6 d4 29. cxd4 Qd5 30. Qf4 c4 31. Kh2 Kf8 32. Rdg1 Qc6 33. Bxg7+ Rxg7
34. Qb8+ 1-0

[Event "Moscow-ch final"]
[Site "Moscow"]
[Date "2008.05.08"]
[Round "1"]
[White "Konovalov, Nikolay"]
[Black "Kosteniuk, Alexandra"]
[Result "1-0"]
[WhiteElo "2426"]
[BlackElo "2523"]
[PlyCount "75"]
[EventDate "2008.05.08"]
[EventType "k.o."]
[EventRounds "4"]
[EventCountry "RUS"]
[SourceTitle "CBM 124 Extra"]
[Source "ChessBase"]
[SourceDate "2008.07.03"]
[SourceVersion "1"]
[SourceVersionDate "2008.07.03"]
[SourceQuality "1"]

1. d4 Nf6 2. c4 c5 3. d5 b5 4. cxb5 a6 5. f3 e6 6. e4 exd5 7. e5 Qe7 8. Qe2 Ng8
9. Nc3 Bb7 10. f4 Qe6 11. Nf3 Be7 12. g3 d4 13. Ne4 Qg6 14. Nfd2 axb5 15. Bg2
Qb6 16. f5 f6 17. Nd6+ Bxd6 18. exd6+ Kf8 19. Bxb7 Qxb7 20. O-O Nc6 21. Ne4 Qb6
22. a4 c4 23. Bf4 Re8 24. Rfe1 Ne5 25. Bxe5 d3+ 26. Qe3 Qxe3+ 27. Rxe3 fxe5 28.
axb5 Nf6 29. Nxf6 gxf6 30. b3 Rc8 31. bxc4 Rxc4 32. Rxd3 Kg7 33. Ra7 Rd8 34.
Rb3 e4 35. b6 e3 36. Rxe3 Rb4 37. Re7+ Kh6 38. b7 1-0

[Event "Moscow-ch final"]
[Site "Moscow"]
[Date "2008.05.08"]
[Round "1"]
[White "Kosteniuk, Alexandra"]
[Black "Konovalov, Nikolay"]
[Result "0-1"]
[WhiteElo "2523"]
[BlackElo "2426"]
[PlyCount "96"]
[EventDate "2008.05.08"]
[EventType "k.o."]
[EventRounds "4"]
[EventCountry "RUS"]
[SourceTitle "CBM 124 Extra"]
[Source "ChessBase"]
[SourceDate "2008.07.03"]
[SourceVersion "1"]
[SourceVersionDate "2008.07.03"]
[SourceQuality "1"]

1. e4 c5 2. Nf3 Nc6 3. d4 cxd4 4. Nxd4 e5 5. Nb5 d6 6. c4 Be7 7. Be3 Nf6 8. f3
O-O 9. Qd2 Be6 10. N1c3 a6 11. Na3 Nh5 12. Nc2 f5 13. Bd3 Bh4+ 14. Kd1 fxe4 15.
Nxe4 Be7 16. Nc3 Nf4 17. Nd5 Nxd3 18. Qxd3 Bg5 19. Nc7 Bf5 20. Bxg5 Qxc7 21.
Qd5+ Kh8 22. Ne3 Bg6 23. Qd2 Nd4 24. Rc1 Qf7 25. Rf1 b5 26. Ke1 Ne6 27. Bh4 Nf4
28. Rc3 bxc4 29. Nxc4 d5 30. Na3 d4 31. Rb3 a5 32. Kf2 a4 33. Rb6 Qa7 34. Rb5
Bd3 35. Rxe5 Bxf1 36. Kxf1 Qa6+ 37. Kg1 d3 38. Bg5 Ne2+ 39. Kf2 Rae8 40. Qb4
Qc8 41. Rc5 Qe6 42. Nc4 Nd4 43. Re5 Qc6 44. Nd2 Nc2 45. Qc4 Qb6+ 46. Rc5 Re5
47. b4 axb3 48. Nxb3 Rxg5 0-1

[Event "Paris-ch op"]
[Site "Paris"]
[Date "2008.06.29"]
[Round "2"]
[White "Kosteniuk, Alexandra"]
[Black "Shoker, Samy"]
[Result "1/2-1/2"]
[WhiteElo "2523"]
[BlackElo "2377"]
[PlyCount "59"]
[EventDate "2008.06.28"]
[EventType "swiss"]
[EventRounds "9"]
[EventCountry "FRA"]
[SourceTitle "CBM 125 Extra"]
[Source "ChessBase"]
[SourceDate "2008.09.01"]
[SourceVersion "1"]
[SourceVersionDate "2008.09.01"]
[SourceQuality "1"]

1. e4 g6 2. d4 Bg7 3. Nc3 d6 4. Bg5 h6 5. Be3 a6 6. Nf3 Nd7 7. a4 b6 8. d5 Ngf6
9. Nd4 O-O 10. f3 Qe8 11. Qd2 Kh7 12. Bc4 Bb7 13. O-O Ne5 14. Bb3 Rb8 15. Qe2
Nfd7 16. Ba2 c5 17. dxc6 Nxc6 18. Rfd1 Nc5 19. Bc4 e6 20. Nb3 Qe7 21. Nxc5 bxc5
22. Bxa6 Nd4 23. Bxd4 Bxd4+ 24. Kh1 Bxa6 25. Qxa6 Rxb2 26. Ne2 Be5 27. f4 Bg7
28. Qd3 Qb7 29. Ng3 Ra8 30. f5 1/2-1/2

[Event "Paris-ch op"]
[Site "Paris"]
[Date "2008.06.30"]
[Round "3"]
[White "Carpentier, Pierre"]
[Black "Kosteniuk, Alexandra"]
[Result "0-1"]
[WhiteElo "2213"]
[BlackElo "2523"]
[PlyCount "80"]
[EventDate "2008.06.28"]
[EventType "swiss"]
[EventRounds "9"]
[EventCountry "FRA"]
[SourceTitle "CBM 125 Extra"]
[Source "ChessBase"]
[SourceDate "2008.09.01"]
[SourceVersion "1"]
[SourceVersionDate "2008.09.01"]
[SourceQuality "1"]

1. e4 c5 2. Nc3 e6 3. g3 d5 4. d3 d4 5. Nce2 e5 6. Bg2 Nc6 7. f4 h5 8. Nf3 Bg4
9. h3 Bxf3 10. Bxf3 h4 11. g4 exf4 12. Nxf4 Bd6 13. O-O Be5 14. Nd5 Qd6 15. Bg2
Nge7 16. a3 Nxd5 17. exd5 Ne7 18. Qf3 f6 19. Bd2 Rd8 20. c4 dxc3 21. Bxc3 O-O
22. Bxe5 fxe5 23. Qe4 Rxf1+ 24. Rxf1 Qxd5 25. Qxd5+ Nxd5 26. Re1 Nf4 27. Rxe5
Rxd3 28. Bxb7 Rd1+ 29. Kh2 Rd2+ 30. Kh1 Rxb2 31. Be4 Re2 32. Bd5+ Kh7 33. Rxe2
Nxe2 34. Bc4 Nf4 35. Bf1 Kg6 36. Kg1 Kf6 37. Kf2 Ke5 38. Ke3 g5 39. a4 a5 40.
Kd2 Kd4 0-1

[Event "Paris-ch op"]
[Site "Paris"]
[Date "2008.07.03"]
[Round "6"]
[White "Kosteniuk, Alexandra"]
[Black "Moradiabadi, Elshan"]
[Result "0-1"]
[WhiteElo "2523"]
[BlackElo "2499"]
[PlyCount "77"]
[EventDate "2008.06.28"]
[EventType "swiss"]
[EventRounds "9"]
[EventCountry "FRA"]
[SourceTitle "CBM 125 Extra"]
[Source "ChessBase"]
[SourceDate "2008.09.01"]
[SourceVersion "1"]
[SourceVersionDate "2008.09.01"]
[SourceQuality "1"]

1. e4 e5 2. Nf3 Nc6 3. Bb5 a6 4. Ba4 Nf6 5. O-O Be7 6. Re1 b5 7. Bb3 O-O 8. a4
b4 9. d3 d6 10. a5 Bg4 11. c3 bxc3 12. bxc3 Rb8 13. Nbd2 Qc8 14. Bc4 Na7 15. d4
Nb5 16. Qc2 Nd7 17. h3 Bh5 18. Be2 exd4 19. cxd4 c5 20. dxc5 Bf6 21. Bb2 Bxb2
22. Qxb2 dxc5 23. Qc2 Qc7 24. Bd3 Rfe8 25. Re3 Nf8 26. e5 Bg6 27. Ne4 Ne6 28.
Qc1 Nbd4 29. Nd6 Bxd3 30. Nxd4 Nxd4 31. Nxe8 Rxe8 32. Qd1 c4 33. Qa4 Qc6 34. f4
g6 35. g4 Kf8 36. f5 Ke7 37. Kh2 Rg8 38. e6 f6 39. Ra2 0-1

[Event "Paris-ch op"]
[Site "Paris"]
[Date "2008.07.04"]
[Round "7"]
[White "Romieux, Sebastien"]
[Black "Kosteniuk, Alexandra"]
[Result "0-1"]
[WhiteElo "2240"]
[BlackElo "2523"]
[PlyCount "64"]
[EventDate "2008.06.28"]
[EventType "swiss"]
[EventRounds "9"]
[EventCountry "FRA"]
[SourceTitle "CBM 125 Extra"]
[Source "ChessBase"]
[SourceDate "2008.09.01"]
[SourceVersion "1"]
[SourceVersionDate "2008.09.01"]
[SourceQuality "1"]

1. e4 c5 2. Nf3 d6 3. d4 cxd4 4. Nxd4 Nf6 5. Nc3 a6 6. Bg5 e6 7. f4 Qc7 8. Bd3
b5 9. Bxf6 gxf6 10. Qf3 b4 11. Nce2 Nd7 12. O-O-O Bb7 13. Qh5 Nc5 14. f5 O-O-O
15. fxe6 Nxd3+ 16. Rxd3 Bxe4 17. Kb1 Kb7 18. exf7 Rc8 19. Rc1 d5 20. Re3 Qe5
21. Qxe5 fxe5 22. Ne6 Bh6 23. Rxe4 dxe4 24. Rd1 Rc6 25. Nd8+ Rxd8 26. Rxd8 Rf6
27. c3 Rxf7 28. Kc2 Rf2 29. Kd1 b3 30. axb3 Rf1+ 31. Kc2 Re1 32. Rd2 e3 0-1

[Event "Paris-ch op"]
[Site "Paris"]
[Date "2008.07.05"]
[Round "8"]
[White "Kosteniuk, Alexandra"]
[Black "Lalic, Bogdan"]
[Result "0-1"]
[WhiteElo "2523"]
[BlackElo "2514"]
[PlyCount "72"]
[EventDate "2008.06.28"]
[EventType "swiss"]
[EventRounds "9"]
[EventCountry "FRA"]
[SourceTitle "EXT 2009"]
[Source "ChessBase"]
[SourceDate "2008.11.26"]
[SourceVersion "1"]
[SourceVersionDate "2008.11.26"]
[SourceQuality "1"]

1. e4 c6 2. d4 d5 3. e5 c5 4. dxc5 Nc6 5. Bb5 e6 6. Be3 Nge7 7. c3 Bd7 8. Bxc6
Bxc6 9. Nf3 Nf5 10. Bd4 a5 11. a4 Nxd4 12. cxd4 b6 13. cxb6 Qxb6 14. Qc2 Be7
15. O-O O-O 16. Nc3 Rab8 17. Rfb1 Rfc8 18. Qd3 Bb7 19. Qe3 Ba6 20. Nd2 Qa7 21.
b3 h6 22. Rc1 Rb4 23. Na2 Rxc1+ 24. Rxc1 Bg5 25. f4 Qxd4 26. Qxd4 Rxd4 27. Nf3
Rxf4 28. Rc6 Be2 {(=)} 29. Kf2 Bxf3 30. gxf3 Rh4 31. Nc3 Bf4 32. Ne2 Rxh2+ 33.
Kf1 Bxe5 34. Rc8+ Kh7 35. f4 Bf6 36. Ra8 Rh3 0-1

[Event "World Women-ch k.o."]
[Site "Nalchik"]
[Date "2008.08.30"]
[Round "1.2"]
[White "Pourkashiyan, Atousa"]
[Black "Kosteniuk, Alexandra"]
[Result "0-1"]
[WhiteElo "2269"]
[BlackElo "2510"]
[PlyCount "120"]
[EventDate "2008.08.29"]
[EventType "k.o."]
[EventRounds "6"]
[EventCountry "RUS"]
[SourceTitle "CBM 126 Extra"]
[Source "ChessBase"]
[SourceDate "2008.11.05"]
[SourceVersion "1"]
[SourceVersionDate "2008.11.05"]
[SourceQuality "1"]

1. e4 e5 2. Bc4 Nc6 3. d3 Nf6 4. Nc3 Na5 5. f4 Nxc4 6. dxc4 Bb4 7. Qd3 d6 8.
Bd2 exf4 9. Nge2 Ng4 10. Nxf4 Qh4+ 11. g3 Qd8 12. h3 Ne5 13. Qe2 Be6 14. Nxe6
fxe6 15. Rf1 Bxc3 16. Bxc3 Qg5 17. Qf2 O-O-O 18. Bd2 Qg6 19. O-O-O b6 20. Qe2
Nd7 21. g4 Rdf8 22. Kb1 Kb7 23. Bc3 e5 24. Rf5 Qe8 25. Bd2 Nc5 26. Rdf1 g6 27.
R5f3 Rxf3 28. Qxf3 Qc6 29. Re1 Ne6 30. Qf6 Qe8 31. Bh6 Rg8 32. h4 Nc5 33. b3
Qd7 34. Qf3 Ne6 35. Qf6 Re8 36. c3 Re7 37. Rf1 Nd8 38. Qh8 Nf7 39. Qxh7 Nxh6
40. Qxh6 Qxg4 41. Rf6 Qxe4+ 42. Kb2 Qe2+ 43. Ka3 e4 44. Rxg6 Re5 45. Rg5 Qd2
46. Qg6 Qc1+ 47. Ka4 Qb2 48. a3 Qxc3 49. Rxe5 Qxe5 50. b4 e3 51. Qg2+ d5 52.
cxd5 e2 53. d6+ c6 54. Qg4 Qb5+ 55. Kb3 Qd3+ 56. Kb2 e1=Q 57. Qd7+ Ka6 58. Qc8+
Kb5 59. a4+ Kxb4 60. Qg4+ Qee4 0-1

[Event "World Women-ch k.o."]
[Site "Nalchik"]
[Date "2008.09.04"]
[Round "3.1"]
[White "Kosteniuk, Alexandra"]
[Black "Kosintseva, Tatiana"]
[Result "1/2-1/2"]
[WhiteElo "2510"]
[BlackElo "2511"]
[PlyCount "127"]
[EventDate "2008.08.29"]
[EventType "k.o."]
[EventRounds "6"]
[EventCountry "RUS"]
[SourceTitle "CBM 126 Extra"]
[Source "ChessBase"]
[SourceDate "2008.11.05"]
[SourceVersion "1"]
[SourceVersionDate "2008.11.05"]
[SourceQuality "1"]

1. e4 e5 2. Nf3 Nc6 3. Bb5 a6 4. Ba4 Nf6 5. O-O Be7 6. Re1 b5 7. Bb3 d6 8. c3
O-O 9. h3 Nb8 10. d4 Nbd7 11. Nbd2 Bb7 12. Bc2 Re8 13. Nf1 Bf8 14. Ng3 g6 15.
a4 c5 16. d5 c4 17. Bg5 h6 18. Be3 Nc5 19. Qd2 h5 20. Ra3 Nfd7 21. Rea1 Qc7 22.
Bh6 Be7 23. Rf1 Nb6 24. axb5 axb5 25. Rxa8 Rxa8 26. Nh2 Bh4 27. Nxh5 gxh5 28.
Qe2 f6 29. Qxh5 Bg5 30. Qg6+ Kh8 31. Bxg5 fxg5 32. Qh6+ Qh7 33. Qxd6 Nbd7 34.
Ng4 Qg7 35. Rb1 Kh7 36. Qc7 Qh8 37. b4 cxb3 38. Bxb3 Qb8 39. Qxb8 Rxb8 40. Bc2
Ba6 41. g3 Kg7 42. f3 Nb7 43. Bd3 Nbc5 44. Bc2 Rb6 45. Kf2 Na4 46. Nxe5 Nxe5
47. Bxa4 Rh6 48. Bd1 Rxh3 49. Ra1 Rh6 50. Be2 Rb6 51. Ke3 Kf7 52. Kd4 Nd7 53.
e5 Nb8 54. f4 gxf4 55. gxf4 b4 56. e6+ Ke7 57. Bxa6 Nxa6 58. cxb4 Kd6 59. e7
Kxe7 60. Re1+ Kd7 61. f5 Nxb4 62. Rh1 Rd6 63. Rh7+ Kd8 64. Ke4 1/2-1/2